000 01859cam a2200445Ia 4500
001 50956
005 20230411090005.0
008 031217s2003 mx b 000 0 spa d
035 _a(OCoLC)ocm53924541
040 _aEL$
_cEL$
_dSAP
_dOCLCQ
_dPL#
_dUMC
_dBAKER
_dUGX
_dBTCTA
_dYDXCP
020 _a9688535362
020 _a9789688535363
035 _a(OCoLC)53924541
043 _an-us---
082 _a301.243
_bY436g
090 _aP95.82.U6
_bY37 2003
049 _aGRAL
100 1 _aYehya, Naief,
_d1963-
245 1 0 _aGuerra y propaganda :
_bmedios masivos y el mito bélico en Estados Unidos /
_cNaief Yehya.
250 _a1. ed.
260 _aMéxico :
_bPaidós,
_cc2003.
300 _a220 p. ;
_c23 cm.
440 0 _aPaidâos Croma ;
_v15
504 _aIncludes bibliographical references (p. [215]-220).
505 2 _aGuerra -- Propaganda -- Entretenimiento, información y el espectâaculo de la guerra -- La era de la propaganda corporativa -- La Guerra del Golfo -- La preparación de una guerra eterna -- Propaganda e inteligencia -- TV guerra -- Propaganda en el fin de siglo hollywoodense -- Algunos mitos de la segunda Guerra del Golfo.
650 0 _aWar.
650 0 _aMass media
_xPolitical aspects
_zUnited States.
650 4 _aMedios de comunicaciâon de masas
_xAspectos polâiticos
_zEstados Unidos.
650 4 _aAtaques Terroristas del 11 de septiembre, 2001.
650 7 _aMedios publicitarios
_xAspectos polâiticos
_zEstados Unidos.
_2bidex
650 7 _aGuerra.
_2bidex
650 7 _aTerrorismo.
_2bidex
938 _aPuvill Libros
_bPUVL
_n9688535362
_c$22.56
938 _aBaker and Taylor
_bBTCP
_nBK0006608235
938 _aYBP Library Services
_bYANK
_n2693328
938 _aBaker & Taylor
_bBKTY
_c27.95
_d27.95
_i9688535362
_n0006608235
_sactive
942 _2lcc
_cbk
946 _aclperez
994 _aC0
_bDRFGD
999 _c110524
_d110524